000 01486 a2200205 4500
020 _a027361598X
020 _a9780273615989
082 0 4 _a658
090 _c3377
_d3377
100 1 _aMullins, Laurie J.
245 1 0 _aManagement and organisational behaviour /
_cLaurie J. Mullins.
250 _a4th ed.
260 _a[S.l.] :
_bTrans-Atlantic Publications,
_c1995.
300 _a832 p. ;
_c25 cm.
500 _aPaperback.
520 _aThis work describes how the structure of an organization and the people who work in it affect each other. It shows how organizations can be more effective by making better use of their staff. The book is divided into six parts: management and organizational behaviour; context of the organization; staffing the organization; management as an integrating activity; organizational processes and the execution of work; organizational development and effectiveness. Each chapter contains a short introduction; objectives; a summary of the key points; questions for revision and discussion; and tasks and case studies. This volume is suitable for students of management or business at pre-undergraduate, undergraduate or postgraduate studies. It is also suitable for students on professional courses and for practising managers.
856 4 0 _3Amazon.com
_uhttp://www.amazon.com/exec/obidos/ASIN/027361598X/chopaconline-20
856 4 0 _3Amazon customer reviews
_uhttp://www.chopac.org/cgi-bin/tools/azrev.pl?q=027361598X
942 _aNBS
_cBK
_k658 MUL
999 _c345857
_d345857